| 000 | 00354nam a2200121 4500 | ||
|---|---|---|---|
| 999 |
_c9519 _d9519 |
||
| 008 | 180706b ||||| |||| 00| 0 eng d | ||
| 100 |
_928289 _aHicap, Jonathan M. |
||
| 245 |
_aPnp-saf to take over bilibid security/ _cJonathan M. Hicap |
||
| 260 |
_aPhilippines _bManila Bulletin _cc2016 |
||
| 300 | _apage 4. | ||
| 650 | 0 |
_928290 _aPolice. |
|
| 942 |
_2ddc _cPER |
||